Представление документа в формате RUSMARC

Поле Инд. ПП Название Значение
Тип записи a
Библиографический уровень m
001 Контрольный номер 3f2ef2c2aa2d490c8ccbdb0c44cb51ad
003 Постоянный идентификатор записи https://znanium.com/catalog/document?id=378121
005 Дата корректировки 20260401163900.0
010 a ISBN 978-5-00209-209-3
100 a Данные общей обработки 20210525d2021 m y0rusy0150 ca
101 0_ a Язык текста rus
102 a Страна публикации RU
200 1_ a Заглавие О языке и праве
205 a Основные сведения об издании 3-е изд., испр. и доп.
210 1_ a Место издания Москва
c Издательство РГУП им. В.М. Лебедева
d Дата издания 2025
215 a Объем 196 с.
333 a Примечание о целевом назначении ВО - Бакалавриат
606 a Основная рубрика Русский язык и культура речи
x Основная подрубрика Русский язык
2 Код системы local
608 a Жанр/форма Учебное пособие
2 Код системы local
675 a Индекс УДК 808
z Язык издания rus
700 _1 a Фамилия Новикова
b Имя Л.И.
g Полное личное имя Лариса Ивановна
801 _0 a Страна RU
b Организация Общество с ограниченной ответственностью «ЗНАНИУМ»
c Дата составления 20210525
2 Код формата rusmarc
856 4_ m Координаты для получения помощи по доступу ebs_support@infra-m.ru
n Название местонахождения сервера НИЦ ИНФРА-М
u URL https://op.raj.ru/vpo/1420-novikova-o-yazyke-i-prave-3
856 41 a Внешний URL ресурс znanium.com
d Путь (Path) /cover/1689
f Электронное имя 1689594.jpg
q Тип электронного формата image/jpeg
900 a Макрообъекты novikova_o_yaz
905 a Дата ввода 20250128
952 j Специальность С-СПД